Phẫu thuật nội soi cắt túi mật : Các kỹ thuật và tiến bộ mới
Nội dung sách viết về các kỹ thuật và tíen bộ mới trong việc áp dụng phẫu thuật nội soi cắt túi mật, với những kiến thức cập nhật và nhiều hình ảnh minh hoạ,..
Đã lưu trong:
| 主要作者: | |
|---|---|
| 格式: | 圖書 |
| 語言: | Undetermined |
| 出版: |
Hà Nội
Y học
2010
|
| 主題: | |
| 標簽: |
添加標簽
沒有標簽, 成為第一個標記此記錄!
|
| Thư viện lưu trữ: | Trung tâm Học liệu Trường Đại học Cần Thơ |
|---|
| LEADER | 00893nam a2200217Ia 4500 | ||
|---|---|---|---|
| 001 | CTU_160868 | ||
| 008 | 210402s9999 xx 000 0 und d | ||
| 020 | |c 39000 | ||
| 082 | |a 617.556 | ||
| 082 | |b H103 | ||
| 100 | |a Lê, Trung Hải | ||
| 245 | 0 | |a Phẫu thuật nội soi cắt túi mật : | |
| 245 | 0 | |b Các kỹ thuật và tiến bộ mới | |
| 245 | 0 | |c Lê Trung Hải | |
| 260 | |a Hà Nội | ||
| 260 | |b Y học | ||
| 260 | |c 2010 | ||
| 520 | |a Nội dung sách viết về các kỹ thuật và tíen bộ mới trong việc áp dụng phẫu thuật nội soi cắt túi mật, với những kiến thức cập nhật và nhiều hình ảnh minh hoạ,.. | ||
| 650 | |a Cholecystectomy,Cắt bỏ túi mật | ||
| 904 | |i Thao, Hải | ||
| 980 | |a Trung tâm Học liệu Trường Đại học Cần Thơ | ||